Harry Potter: Full Name, Same Letter Quiz Stats

 Plays Quiz Updated Nov 17, 2016

Challenge
Share
Tweet
Embed
Score 0/25 Timer 05:00
1 Play Today
Letter Character % Correct
SSeverus Snape
87.3%
MMinerva McGonagall
76.1%
LLuna Lovegood
75.9%
QQuirinus Quirrell
74.9%
PParvati Patil
67.8%
CCho Chang
67.6%
PPadma Patil
67.5%
SSalazar Slytherin
66.5%
GGodric Gryffindor
66.5%
HHelga Hufflepuff
65.9%
RRowena Ravenclaw
65.2%
DDudley Dursley
63.6%
PPeter Pettigrew
62%
Letter Character % Correct
FFilius Flitwick
57.1%
BBathilda Bagshot
55.9%
GGregory Goyle
54.1%
CColin Creevey
50.8%
PPansy Parkinson
47%
DDedalus Diggle
44.9%
PPoppy Pomfrey
41.6%
GGellert Grindelwald
36%
TTed Tonks
29%
SStan Shunpike
19.7%
PPiers Polkiss
15.5%
BBroderick Bode
13.3%

You're not logged in!

Compare scores with friends on all Sporcle quizzes.
Join for Free
OR
Log In

You Might Also Like...

Show Comments

Extras

Top Quizzes Today


Score Distribution

Your Account Isn't Verified!

In order to create a playlist on Sporcle, you need to verify the email address you used during registration. Go to your Sporcle Settings to finish the process.

Report this User

Report this user for behavior that violates our Community Guidelines.

Details: